Normal view
MARC view
- Life of great peopel
Entry Topical Term
001 - CONTROL NUMBER
- control field: 108062
003 - CONTROL NUMBER IDENTIFIER
- control field: NUST
005 - DATE AND TIME OF LATEST TRANSACTION
- control field: 20230130132727.0
008 - FIXED-LENGTH DATA ELEMENTS
- fixed length control field: 230130|| aca||aabn | a|a d
040 ## - CATALOGING SOURCE
- Original cataloging agency: NUST
- Transcribing agency: NUST
150 ## - HEADING--TOPICAL TERM
- Topical term or geographic name entry element: Life of great peopel
670 ## - SOURCE DATA FOUND
- Source citation: Work cat.: (NUST)187141: Strover, C.H., 108061, "Prominent Men" :, 1936
